01485nam 22002293 4500001000700000010002200007021001900029100004100048200009500089205000800184210003900192215002800231317004100259330074300300606006001043675003001103675003001133675002901163701003201192801001801224830001301242202336 a978-989-581-244-8 aPTb535 208/24 a20260526d u||y0pory50 ba aReflexões sobre a liberdadeeidentidades e famílias fAndré Coelho Lima... [et al.]  a1ª aAlfragide cOficina do Livrod2024 a220 p.cbrochadod24 cm aOferta da Leya (Comboio Literário) aA construção de uma sociedade baseada no respeito e proteção dos direitos e escolhas de todas as pessoas, incluindo as que fazem parte de grupos historicamente discriminados, é um imperativo de justiça. Este livro, cujas coordenadoras raramente estão de acordo politicamente, pretende abrir uma janela para a multiplicidade de pontos de vista, de caminhos de vida e de opções individuais que caracteriza a sociedade moderna e diversa que Portugal quer ser. O grupo eclético de autores e autoras que nele partilham as suas visões e experiências sobre identidades, famílias e o lugar da liberdade em Portugal, nos 50 anos da sua democracia, contribuem para um debate plural que pretende ser um ponto de viragem.  aSociologia da cultura. Contexto cultural da vida social a316.346(469)"20"vPTzpor a316.356(469)"20"vPTzpor a316.64(469)"20"vPTzpor aLimabAndré Coelhof1974- aPTbBMMNgRPC cAnafAna